000 02330cam a22004934i 4500
003 PE-LiUPU
005 20250731184538.0
008 180709s2016 sp a rb 000 0 spa d
020 _a9788436836691
035 _a(Sirsi) a249171
040 _aPE-LiUPU
_bspa
_cPE-LiUPU
_erda
049 _aPRUA
082 0 4 _a929.9
_bM36
_221
100 1 _aMedina, Agustín,
_eautor.
245 1 0 _aQuien tiene una marca tiene un tesoro /
_cAgustín Medina.
264 1 _aBarcelona :
_bPirámide,
_c2016.
300 _a102 páginas :
_bilustraciones ;
_c23 centímetros.
336 _atext
_2rdacontent
337 _aunmediated
_2rdamedia
338 _avolume
_2rdacarrier
490 0 _aEmpresa y gestión
505 0 _aIdentidad, notoriedad, reputación -- La imagen de las cosas es más importante que las cosas mismas -- Un nombre no es una marca -- Cómo se construye una marca -- ¿Por qué las marcas son más importantes que los productos? Marlboro Friday, el día que murieron y nacieron las marcas -- Los productos nos sirven, las marcas nos enamoran -- Brand experience y el teatro de las marcas -- Los medios digitales -- El caso de Abercrombie -- Publicidad convencional y branded content -- El fenómeno de las marcas blancas -- Sensibilidad social y medioambiental de las marcas -- La marca nación -- La marca ciudad -- La marca personal -- Las marcas en la política -- El valor de las marcas.
526 _aP136
526 _aP135
526 _aP134
526 _aP133
526 _aP144
526 _aP143
526 _aP87
526 _aP35
526 _aP20
526 _aP14
526 _aP10
526 _aP06
541 _g001-003608;
650 0 4 _aMarketing.
650 0 4 _aMarcas de empresas.
910 _admb
_bksl
_cksl
_d20180709
942 _2ddc
_cBOOK
994 _aC0
_bPEPRU
596 _a1
999 _a929.9 M36
_wDEWEY
_c28758
_i78898
_f2021-11-9
_g4
_lCCODEBUL1
_mBUL
_p40.30
_r0
_sY
_tBOOK
_u2018-7-9
_xEDUCACION
_PP07
_0COMPRA
_1FCOMPRA
_o.STAFF. Colección Ciencias Humanas y Educación
_d28758
999 _a929.9 M36
_wDEWEY
_c2
_i78899
_f2021-11-9
_g4
_lCCODEBUL1
_mBUL
_p40.30
_r0
_sY
_tBOOK
_u2018-7-9
_xEDUCACION
_PP07
_0COMPRA
_1FCOMPRA
_o.STAFF. Colección Ciencias Humanas y Educación
980 _81
_gALBERTO SANCHEZ Responsable de Automatización